Update (Record no. 78940)
[ view plain ]
| 000 -LEADER | |
|---|---|
| fixed length control field | 01256cab a22002655a 4500 |
| 001 - CONTROL NUMBER | |
| control field | L138634 |
| 008 - FIXED-LENGTH DATA ELEMENTS--GENERAL INFORMATION | |
| fixed length control field | 070627e20070615xxk f 000 0 eng d |
| 035 ## - SYSTEM CONTROL NUMBER | |
| System control number | (Sirsi) u138634 |
| 041 0# - LANGUAGE CODE | |
| Language code of text/sound track or separate title | eng |
| 100 1# - MAIN ENTRY--PERSONAL NAME | |
| Personal name | Light, Roy |
| 245 00 - TITLE STATEMENT | |
| Title | Update |
| Remainder of title | licensing |
| 260 ## - PUBLICATION, DISTRIBUTION, ETC. | |
| Date of publication, distribution, etc. | 2007 |
| 490 ## - SERIES STATEMENT | |
| Series statement | Solicitors' Journal |
| Volume/sequential designation | 151(23) 15 June 2007, 774-776(2) |
| 520 ## - SUMMARY, ETC. | |
| Summary, etc. | Discusses revised guidance under the Licensing Act 2003 and recent case law. Revised guidance from the Department of Culture, Media and Sport was published on 22 June 2006. This suggests ways in which authorisation for the sale of alcohol by the licence holder can be granted in his absence. A full revision of the guidance is expected during 2007. Addresses liability for underage sales, alcohol disorder zones and planning and licensing issues. Recent case law concerning costs in licensing appeals is also reviewed. |
| 590 ## - LOCAL NOTE (RLIN) | |
| Local note | KA |
| 650 24 - SUBJECT ADDED ENTRY--TOPICAL TERM | |
| Topical term or geographic name entry element | LICENSING ACT 2003 |
| 650 24 - SUBJECT ADDED ENTRY--TOPICAL TERM | |
| Topical term or geographic name entry element | GAMBLING ACT 2005 |
| 650 24 - SUBJECT ADDED ENTRY--TOPICAL TERM | |
| Topical term or geographic name entry element | VIOLENT CRIME REDUCTION ACT 2006 |
| 650 24 - SUBJECT ADDED ENTRY--TOPICAL TERM | |
| Topical term or geographic name entry element | BRADFORD MDC V BOOTH |
| 650 24 - SUBJECT ADDED ENTRY--TOPICAL TERM | |
| Topical term or geographic name entry element | CRAWLEY BC V ATTENBOROUGH |
| 650 24 - SUBJECT ADDED ENTRY--TOPICAL TERM | |
| Topical term or geographic name entry element | R (CAMBRIDGE CC) V ALEX NESTLING LTD |
| 651 #4 - SUBJECT ADDED ENTRY--GEOGRAPHIC NAME | |
| Geographic name | England and Wales |
| Chronological subdivision | 1543- |
| 690 ## - LOCAL SUBJECT ADDED ENTRY--TOPICAL TERM (OCLC, RLIN) | |
| Topical term or geographic name as entry element | PROPERTY-COMMERCIAL PROPERTY-RETAIL PROPERTY |
| 942 ## - ADDED ENTRY ELEMENTS (KOHA) | |
| Suppress in OPAC | 0 |
| Withdrawn status | Lost status | Source of classification or shelving scheme | Damaged status | Not for loan | Home library | Current library | Shelving location | Date acquired | Total Checkouts | Full call number | Barcode | Date last seen | Copy number | Price effective from | Koha item type |
|---|---|---|---|---|---|---|---|---|---|---|---|---|---|---|---|
| Dewey Decimal Classification | London | London | Journal article | 27/06/2007 | L138634 | 138634-1001 | 06/08/2019 | 1 | 06/08/2019 | Journal article |